Das katholische Kirchenjahr,

Bibliographic Details
Main Author: Schäffer, Josef (Author)
Format: Book
Language:Undetermined
PhysicalDescription:107 s.
Published: Presburg Alois Schreider 1854

MARC

LEADER 00000nam a2200000 a 4500
001 vtls001381697
003 SK-MaSNL
005 20260301161406.0
008 240314s1975 xx 0 und
035 |a SNK000335728 
040 |a SNK  |b slo  |c SNK  |e AACR2 
100 1 |a Schäffer, Josef  |4 aut  |9 401526 
245 1 4 |a Das katholische Kirchenjahr, 
260 |a Presburg  |b Alois Schreider  |c 1854 
300 |a 107 s. 
958 |a OND 
999 |c 809266  |d 811196 
952 |a SNK  |b SNK  |y VYP  |7 0  |p 17A0515832  |o snkSD 16384 D1  |i snkKSF 430/59  |8 5  |3 rekatalogizácia  |0 0  |1 0  |4 0  |d 2006-07-24  |l 0  |r 2026-02-24 02:31:27  |w 2026-02-24 
952 |a SNK  |b SNK  |y VYP  |7 0  |p 17A0515781  |o snkSD 16384 D2  |i snkD 1586/73  |8 1  |3 rekatalogizácia  |0 0  |1 0  |4 0  |d 2006-07-24  |l 0  |r 2026-02-24 02:31:27  |w 2026-02-24 
952 |a SNK  |b SNK  |y PREZ  |7 0  |p 17A0597258  |o snkSD 16384   |i snk4932/58  |3 rekatalogizácia  |0 0  |1 0  |4 0  |d 2008-10-16  |l 0  |r 2025-12-01 00:00:00  |w 2026-02-24